000 01184nam2a2200241 4500
001 rc\2995357
005 20260315063339.0
035 _a(NLR Aleph) 007139120
090 _a13614130
_c13614130
100 _a20110916d1940 u y0rusy50 ca
101 0 _arus
102 _aRU
105 _ay z |||||
200 1 _aЭкстренные нагрузки элементов шахтных подъемных установок
_fКафедра горно-заводской механики
210 _d1940
461 0 _1001rc\2995344
_12001#$aТруды Донецкого индустриального института$eВып. № 1-$vВып. № 14
_97037217
_aДонецкий политехнический институт
_cХарьков
_d1940
_nМеталлургиздат
_oВып. № 1-
_tТруды Донецкого индустриального института
_vВып. № 14
700 1 _4070
_7ca
_8rus
_aДавыдов
_bБ.Л.
_cд-р техн. наук
_f1911-1980
_gБорис Львович
_9259140
_3RU\NLR\AUTH\770259196
801 0 _aRU
_bNLR
_gpsbo
801 1 _aRU
_bELAR
_2rusmarc
852 _aNLR
_j40-17/151
942 _cUNSPEC
980 _aNB